| 000 | 00436cam a2200157 4500 | ||
|---|---|---|---|
| 082 |
_a621.38418 _bALB _cL-11 P-25, |
||
| 100 | 1 |
_aAlbert, Arthur Lemuel, _941655 |
|
| 245 | 1 | 0 | _aRadio fundamentals. |
| 250 | _a1st ed. | ||
| 260 |
_aNew York, _bMcGraw-Hill Book Co., _c1948. |
||
| 300 |
_avii, 595 p. _billus., diagrs. _c24 cm. |
||
| 526 |
_a0 _b0 _c0 _d621_384180000000000_ALB |
||
| 650 | 0 |
_aMCE _9379 |
|
| 650 | 0 | _aRadio. | |
| 942 |
_2ddc _cBK |
||
| 999 |
_c545704 _d545704 |
||